| 000 | 01170nrm a22003137a 4500 | ||
|---|---|---|---|
| 003 | BCEG | ||
| 005 | 20260410122821.0 | ||
| 008 | 260410s2007 spaa||||||||||||||||spa d | ||
| 020 | _a9788496635302 | ||
| 040 |
_aBCEG _bspa _cBCEG |
||
| 082 | 0 | 4 |
_aI910.92 _bL697g |
| 245 | 0 | 3 |
_aEl libro de los grandes descubridores _b: juegos desplegables _h[Realia]. |
| 246 | _aLa historia de los descubridores. | ||
| 260 |
_aMadrid : _bArtime, _c2007. |
||
| 300 |
_a[10] p. : _bil. |
||
| 500 | _aIncluye mecanismos movibles en páginas de cartón y en plástico. | ||
| 500 | _aLibro desplegable, tridimensional (pop-up). | ||
| 501 | _aCon 4 juegos desplegables, ruleta, figuras y una cartera de cartón para guardar las figuras. | ||
| 535 | _aDisponible en el Módulo de Realia de la Sala Infantil. | ||
| 541 | _aCompra. | ||
| 600 |
_aAlejandro, Magno, _d356-323 a. C. |
||
| 600 |
_aColón, Cristóbal, _d1451-1506. |
||
| 600 |
_aPolo, Marco, _d1254-1323?. |
||
| 600 |
_aCook, James, _d1728-1779. |
||
| 650 | 1 | 4 |
_aExploradores _vLibros tridimensionales. |
| 650 | 1 | 4 |
_aDescubrimientos geográficos _vLibros tridimensionales. |
| 700 | 1 |
_aGray, Virginia, _eil. |
|
| 942 | _cBK | ||
| 999 |
_c437178 _d437178 |
||